Unicef va a la escuela : para promover los derechos de los niños, las niñas y los adolescentes /
Guardado en:
| Autor Principal: | |
|---|---|
| Otros Autores: | , |
| Formato: | Libro |
| Publicado: |
Buenos Aires :
Unicef. Argentina,
2002
|
| Materias: | |
| Etiquetas: |
Agregar Etiqueta
Sin Etiquetas, Sea el primero en etiquetar este registro!
|
| LEADER | 01135nam a22002175a 4500 | ||
|---|---|---|---|
| 001 | CEM.cems017017 | ||
| 005 | 20110527110842.0 | ||
| 008 | 130507s2002##################000#0#####d | ||
| 003 | CEMS | ||
| 082 | 0 | 4 | |a 323 |
| 100 | 1 | |a Acevedo, Ana María | |
| 245 | 1 | 0 | |a Unicef va a la escuela : |b para promover los derechos de los niños, las niñas y los adolescentes / |c Ana María Acevedo, Elena Duro y Inés María Grau |
| 260 | |a Buenos Aires : |b Unicef. Argentina, |c 2002 | ||
| 300 | |a 72 p. | ||
| 505 | 0 | |a El derecho y los derechos humanos -- Cuáles y cómo son los derechos humanos? -- Reconocimiento y respeto de los derechos humanos -- Los derechos de los niños, las niñas y los adolescentes -- La Convención sobre los Derechos de los niños y la Constitución de la Nación Argentina -- El UNICEF -- Por qué enseñar los derechos del niño, la niña y el adolescente en la escuela? -- Por qué directivos y docentes? | |
| 653 | |a Derechos humanos | ||
| 653 | |a Drechos del niño | ||
| 653 | |a Derechos del adolescente | ||
| 700 | 1 | |a Duro, Elena | |
| 700 | 1 | |a Grau, Inés María | |
| 859 | |a CEMS |b BIB. CEMS - Agricultura |h 323 |i Ac37 |p A0442.02 |t Ej.1 | ||
